Представление документа в формате RUSMARC

ПолеНазваниеЗначение
  Тип записи a
  Библиографический уровень m
001 Контрольный номер 6088b14f5cc94197a4176dfab7e7b934
005 Дата корректировки 20140605102047.2
010 Индекс ISBN __
a ISBN 978-5-699-25920-5
101 Язык документа 0_
a Язык текста rus
102 Страна публикации __
a Страна публикации RU
200 Заглавие и сведения об ответственности 1_
a Заглавие Федеральный закон "Об аудиторской деятельности". Федеральные правила (стандарты). Кодекс этики аудиторов России
210 Выходные данные 1_
c Издательство ЭКСМО
a Место издания М.
d Дата издания 2008
215 Физическое описание __
a Объем 286, [1] с.
225 Серия 2_
a Серия Справочник руководителю и главному бухгалтеру
610 Ключевые слова 0_
a Ключевые слова стандарты аудиторской деятельности
610 Ключевые слова 0_
a Ключевые слова правила (стандарты)
610 Ключевые слова 0_
a Ключевые слова аудиторская деятельность
610 Ключевые слова 0_
a Ключевые слова закон
610 Ключевые слова 0_
a Ключевые слова кодекс этики
610 Ключевые слова 0_
a Ключевые слова аудитор
686 Индексы других классификаций __
a Классификационный индекс 65.052.9(2)215
2 Код системы rubbk
686 Индексы других классификаций __
a Классификационный индекс 67.623-32
2 Код системы rubbk
801 Источник записи _0
a Страна RU
b Организация РУК
c Дата составления 20100203
g Правила каталогизации PSBO
801 Источник записи _1
a Страна RU
b Организация РУК
c Дата составления 20100203
g Правила каталогизации PSBO
852 Данные о местонахождении __
j Шифр хранения ББК 67
i Авторский знак Ф 32
901 Тип документа __
t Тип документа m
938 Служебная информация __
a Название организации Головной вуз
b Имя БД BOOK
c Название АИБС АИБС ИРБИС